The last of the Mohicans (Record no. 35922)

MARC details
000 -LEADER
fixed length control field 00477nam a2200181Ia 4500
020 ## - INTERNATIONAL STANDARD BOOK NUMBER
ISBN 0-582-42177-2
050 ## - CALL MARK
Classification number PZ 7 .C66 L37/
100 ## - STATEMENT OF RESPONSIBILITY--MAIN AUTHOR NAME
Personal name Cooper, James Fenimore, 1789-1851
245 #4 - TITLE STATEMENT
Title The last of the Mohicans
260 ## - PUBLICATION, DISTRIBUTION, ETC. (IMPRINT)
Place of publication Harlow, Essex
260 ## - PUBLICATION, DISTRIBUTION, ETC. (IMPRINT)
Name of publisher Pearson
260 ## - PUBLICATION, DISTRIBUTION, ETC. (IMPRINT)
Year of publication 2000
300 ## - PHYSICAL DESCRIPTION
Number of Pages 40 p
650 ## - SUBJECT ADDED ENTRY--TOPICAL TERM
Topical Term English language -- Study and teaching Readers - Level 2
942 ## - ADDED ENTRY ELEMENTS (KOHA)
Koha item type Books
Holdings
Withdrawn status Lost status Source of classification or shelving scheme Damaged status Not for loan Permanent Location Current Location Shelving location Date acquired Accession Number Price effective from Koha item type
    Library of Congress Classification     NILE UNIVERSITY OF NIGERIA - MAIN LIBRARY NILE UNIVERSITY OF NIGERIA - MAIN LIBRARY Items on shelf 04/23/2025 0006385 04/23/2025 Books